000
00281nam a2200109Ia 4500
008
220120s9999||||xx |||||||||||||| ||und||
100
_a
Godse, A.P
_9
1195
245
0
_a
Analog Electronic Circuits
260
_a
Technical publications
300
_b
0
650
_a
MICROWAVE ENGINEERING
999
_c
137269
_d
137269